000 00802nam a2200241Ia 4500
003 OSt
005 20220926022254.0
006 a|||||r|||| 00| 0
007 ta
008 220923b |||||||| |||| 00| 0 eng d
020 _a9789211171907
037 _cGeneral Book
040 _aRTL
_cRTL
_beng
041 _2eng
_aeng
082 _aX9(JB):8, Q9/UN
100 _aUNITED NATIONS ECONOMIC COMMISSION FOR EUROPE
245 0 _aGuidelines for the development of a criteria and indicator set for sustainable forest management
260 _aNew York
_bUnited Nations
_c2019
300 _a88p
_ccm.
500 _aReferences - Chapterwise; Glossary - 395-401p
942 _hX9(JB):8, Q9/UN
_cGB
_2CC
999 _c639040
_d639040